Externé zdroje financovania podnikov v SR diplomová práca

Uložené v:
Podrobná bibliografia
Hlavný autor: Haverčák, Jozef
Korporativný autor: Národohospodárska fakulta EU. Katedra financií
Ďalší autori: Belanová, Katarína, 1978-
Médium: Kniha
Jazyk:Slovak
Vydavateľské údaje: Bratislava 2021
Tagy: Pridať tag
Žiadne tagy, Buďte prvý, kto otaguje tento záznam!

MARC

LEADER 00000nbm a2200000 4500
001 0274190
005 20220104090816.6
041 0 |a slo 
044 |a SK 
245 1 0 |a Externé zdroje financovania podnikov v SR  |b diplomová práca  |c Jozef Haverčák ; školiteľ: Katarína Belanová 
264 1 |a Bratislava  |c 2021 
300 |a 68 s. 
100 1 |a Haverčák, Jozef 
700 1 |a Belanová, Katarína, 1978- 
710 2 |a Národohospodárska fakulta EU. Katedra financií